000
00262nam a22001217a 4500
082
_a
823
_b
KHA/P
100
_a
JIBRAN, KHALID
245
_a
THE PROPHET
260
_a
MUMBAI
_b
JAICO PUBLISHING
_c
1986
300
_a
114
650
_a
ENGLISH STORY
_z
INDIA
942
_c
BK
999
_c
7311
_d
7311